| 000 | 00843cam a22002537a 4500 | ||
|---|---|---|---|
| 003 | CHAP | ||
| 005 | 20220329134339.0 | ||
| 008 | 971013s r 00010 d | ||
| 010 | _a19104 | ||
| 011 | _a20076 | ||
| 035 | _a24164 | ||
| 040 | _cCHAP | ||
| 090 | _aD-88 | ||
| 110 | 2 |
_aCentro Internacional de Agricultura Tropical _921185 |
|
| 245 | 1 | 0 |
_aEnfermedades bacterianas del frijol _b: identificación y control (Diapositiva) |
| 260 |
_a(Cali : _bCentro Internacional de Agricultura Tropical, _c(s.a.) |
||
| 300 | _a104 diapositivas col. 2 x 2 plg. 1 cassette y guĆa del maestro | ||
| 590 |
_aBATCH-UPD _b10 _c20130110 _lUCH01 _h1922 |
||
| 590 |
_aCONVERSION _b10 _c20130109 _lUCH01 _h1312 |
||
| 650 | 1 | 4 |
_aFrijol _xEnfermedades por bacterias. _943368 |
| 901 | _aBK | ||
| 942 | _cD | ||
| 949 |
_aD-88 _bBC _cD _d-55826 _eD _h59618 _i24164 _si |
||
| 999 |
_c19104 _d19104 |
||